| 000 | 00328nam a22001217a 4500 | ||
|---|---|---|---|
| 999 |
_c66659 _d66656 |
||
| 082 | _aR/IMS-20 | ||
| 100 |
_aAltaf Hussain _a15-MIAC-02 |
||
| 245 | _aImpact of Antenna Gains in Heterogeneous Cellular Network | ||
| 260 |
_aNawabshah _bQUEST _c2019 |
||
| 300 | _a29 | ||
| 700 | _aDepartment of Electronic Engineering | ||
| 942 | _cBK | ||